[Event "Toulouse Petit Capitole op"]
[Site "Toulouse"]
[Date "2015.05.31"]
[Round "4"]
[White "La Spina, Romeo"]
[Black "Di Cerbo, Ciro"]
[Result "1/2-1/2"]
[WhiteElo "1421"]
[BlackElo "1790"]
[PlyCount "55"]
[EventDate "2015.05.30"]
[EventType "swiss"]
[EventRounds "6"]
[EventCountry "FRA"]
[SourceTitle "EXT 2016"]
[Source "ChessBase"]
[SourceDate "2015.10.08"]
[SourceVersion "1"]
[SourceVersionDate "2015.10.08"]
[SourceQuality "1"]

1. d4 d5 2. Bf4 Nf6 3. Nf3 e6 4. e3 c5 5. c4 Be7 6. Nc3 a6 7. Be2 dxc4 8. Bxc4 b5 9. Bd3 0-0 10. Ne4 Nbd7 11. Qc2 c4 12. Nxf6+ Nxf6 13. Be4 Nxe4 14. Qxe4 Ra7 15. Be5 Qa5+ 16. Ke2 Bb7 17. Qg4 g6 18. h4 h5 19. Qf4 f6 20. Qh6 Rf7 21. Qxg6+ Rg7 22. Qe8+ Kh7 23. Qxh5+ Kg8 24. Bf4 Be4 25. Ne1 Qb4 26. Qe8+ Kh7 27. Qh5+ Kg8 28. Qe8+ 1/2-1/2

[Event "Toulouse Lardenne op 2nd"]
[Site "Toulouse"]
[Date "2014.05.18"]
[Round "1"]
[White "La Spina, Romeo"]
[Black "Jackson, Edgar"]
[Result "1/2-1/2"]
[WhiteElo "1456"]
[BlackElo "1632"]
[PlyCount "93"]
[EventDate "2014.05.17"]
[EventType "swiss"]
[EventRounds "6"]
[EventCountry "FRA"]
[SourceTitle "EXT 2015"]
[Source "ChessBase"]
[SourceDate "2014.11.20"]
[SourceVersion "1"]
[SourceVersionDate "2014.11.20"]
[SourceQuality "1"]

1. d4 Nf6 2. Bf4 e6 3. Nf3 b6 4. c4 Bb7 5. Nc3 Bb4 6. a3 Bxc3+ 7. bxc3 0-0 8. h3 d6 9. e3 Nbd7 10. Be2 Ne4 11. Qc2 Qe7 12. Bd3 f5 13. 0-0 g5 14. Bh2 Rf7 15. Nd2 Nxd2 16. Qxd2 Nf6 17. f4 g4 18. h4 Ne4 19. Bxe4 Bxe4 20. Bg3 Qe8 21. d5 c6 22. dxe6 Qxe6 23. Qe2 Rd8 24. Rfd1 Rfd7 25. Rd2 b5 26. cxb5 Qb3 27. c4 cxb5 28. cxb5 Rb7 29. a4 Rc7 30. Rd4 Rc2 31. Rd2 Rc3 32. Bf2 g3 33. Bxg3 Rxe3 34. Rb2 Qc3 35. Be1 Qc5 36. Qf2 Re8 37. Bd2 Rd3 38. Qxc5 dxc5 39. Rc1 Red8 40. Ba5 R8d5 41. b6 axb6 42. Bxb6 Rd2 43. Rxd2 Rxd2 44. Bxc5 Rxg2+ 45. Kf1 Rg4 46. Bf2 Rxf4 47. a5 1/2-1/2